Culture générale facile #1 - Statistiques

Statistiques générales
  • Ce quiz a été pris 403 fois
  • Le résultat moyen est 8 sur 20
Statistiques - réponses
Hint Réponse % Correct
Quel roi à été guillotiné à la suite de cette dernière ? Louis XVI
96%
En quelle année à eu lieu la révolution française ? 1789
89%
Qui a écrit Les Misérables ? Victor Hugo
78%
Quel fleuve traverse Paris ? La Seine
65%
Quelle est la capitale du Brésil ? Brasilia
64%
Quelle est la capitale du Canada ? Ottawa
62%
Dans quel océan se trouve l’île de Madagascar ? Océan Indien
61%
Quel savant a découvert la loi de la gravitation universelle ? Isaac Newton
59%
Quelle bataille a marqué la fin de l’Empire napoléonien ? Waterloo
44%
Quelle date marque la fin de la Seconde Guerre mondiale en Europe ? 8 mai 1945
37%
Qui était le président français lors des évènements de Mai 1968 ? Charles De Gaulle
35%
Qui a réalisé le film Inception ? Christopher Nolan
30%
De quel mouvement artistique fait partie Pablo Picasso ? Le cubisme
30%
Quel est l’organe responsable de la production d’insuline dans le corps humain ? Le pancréas
24%
Combien de planètes composent le système solaire (hors Pluton) ? 8 planètes
15%
Quel auteur a créé le personnage de Sherlock Holmes ? Arthur Conan Doyle
14%
Quel pays est le plus peuplé du monde ? L'Inde
13%
Que mesure l’unité « volt » ? La tension électrique
9%
Quel est le plus grand désert du monde ? L'Antarctique
7%
Quelle est la formule chimique de l’eau ? H₂O
0%
Aucun quiz correspondant
Distribution des résultats
% des personnes avec chaque résultat
Percentile par nombre de réponses
Votre historique - résultats
Vous n’avez pas pris ce quiz